00684nam a2200193 i 4500001000700000003000900007005001700016007000300033008004100036100003300077245006700110260009400177300002100271490005700292650002900349650003200378830005700410852002300467134225ES-MaACL20230906194628.0t|070906s1916 xxu ||||1| eng d1 aWheeler, Everett Pepperrell.12aA world court and international police / cEverett P. Wheeler. aBaltimore : bAmerican society for judicial settlement of international disputes, c1916. a23 p. ; c23 cm.1 aJudicial settlement of international disputes ; v2614aArbitraje internacional. aRelaciones internacionales.0 aJudicial settlement of international disputes ; v26 aES-MaACLj1512-F-9